000 00575nam a2200169 4500
001 133227
003 ES-MaACL
007 t|
008 070214s1955 sp r ||||1| spa d
100 1 _aRubio Chamorro, Luis.
_9100397
245 1 0 _aTratado de dibujo geométrico y sus aplicaciones técnicas /
_cLuis Rubio Chamorro ; prólogo de Fernando Chueca.
260 _aMadrid :
_bGiner,
_c1955.
300 _a284 p., IV, 171 lám. ;
_c28 cm.
700 1 _aChueca Goitia, Fernando,
_d1911-2004
_938688
852 _aES-MaACL
_jC-9886
_bR.38213
999 _c133227
_d133227